मिशन अंडरवर्ल्ड (Record no. 77416)

MARC details
000 -LEADER
fixed length control field 00579nam a2200181Ia 4500
008 - FIXED-LENGTH DATA ELEMENTS--GENERAL INFORMATION
fixed length control field 090123s9999 xx 000 0 und d
082 ## - DEWEY DECIMAL CLASSIFICATION NUMBER
Item number 39350
100 ## - MAIN ENTRY--PERSONAL NAME
Personal name ताम्हाणे अजय
245 ## - TITLE STATEMENT
Title मिशन अंडरवर्ल्ड
250 ## - EDITION STATEMENT
Edition statement 1
260 ## - PUBLICATION, DISTRIBUTION, ETC. (IMPRINT)
Name of publisher, distributor, etc आमोद प्रकाशन
Date of publication, distribution, etc 2005
300 ## - PHYSICAL DESCRIPTION
Extent 146
600 ## - SUBJECT ADDED ENTRY--PERSONAL NAME
Personal name ताम्हाणे अजय
630 ## - SUBJECT ADDED ENTRY--UNIFORM TITLE
Uniform title मिशन अंडरवर्ल्ड
700 ## - ADDED ENTRY--PERSONAL NAME
Personal name ताम्हाणे अजय
730 ## - ADDED ENTRY--UNIFORM TITLE
Uniform title मिशन अंडरवर्ल्ड
942 ## - ADDED ENTRY ELEMENTS (KOHA)
Koha item type Book
Holdings
Withdrawn status Lost status Damaged status Not for loan Home library Current library Date acquired Cost, normal purchase price Total Checkouts Full call number Barcode Date last seen Cost, replacement price Price effective from Koha item type
        Jawahar Wachalanalaya, Kalwa Jawahar Wachalanalaya, Kalwa 03/13/2006 125.00   39350 KLW-39350 01/23/2009 125.00 01/23/2009 Book